<?xml version="1.0" encoding="UTF-8"?>
<record
    xmlns:xsi="http://www.w3.org/2001/XMLSchema-instance"
    xsi:schemaLocation="http://www.loc.gov/MARC21/slim http://www.loc.gov/standards/marcxml/schema/MARC21slim.xsd"
    xmlns="http://www.loc.gov/MARC21/slim">

  <leader>02802cam a2200301   4500500</leader>
  <controlfield tag="005">20250121200442.0</controlfield>
  <datafield tag="041" ind1=" " ind2=" ">
    <subfield code="a">fre</subfield>
  </datafield>
  <datafield tag="042" ind1=" " ind2=" ">
    <subfield code="a">dc</subfield>
  </datafield>
  <datafield tag="100" ind1="1" ind2="0">
    <subfield code="a">Fabre, Nicole</subfield>
    <subfield code="e">author</subfield>
  </datafield>
  <datafield tag="245" ind1="0" ind2="0">
    <subfield code="a">L&#x2019;imaginaire &#xE9;rotique en s&#xE9;ance</subfield>
  </datafield>
  <datafield tag="260" ind1=" " ind2=" ">
    <subfield code="c">2017.
							</subfield>
  </datafield>
  <datafield tag="500" ind1=" " ind2=" ">
    <subfield code="a">7</subfield>
  </datafield>
  <datafield tag="520" ind1=" " ind2=" ">
    <subfield code="a">Nous d&#xE9;finirons en premier lieu l&#x2019;imaginaire en nous r&#xE9;f&#xE9;rant &#xE0; Gaston Bachelard&#xA0;; et l&#x2019;&#xE9;rotique comme ce qui, plut&#xF4;t que de chercher &#xE0; assouvir le d&#xE9;sir, vise &#xE0; cr&#xE9;er le d&#xE9;sir chez l&#x2019;autre et l&#x2019;excitation en soi-m&#xEA;me. Puis nous aborderons l&#x2019;imaginaire &#xE9;rotique tel qu&#x2019;il s&#x2019;est d&#xE9;velopp&#xE9; dans deux cures. Dans un premier fragment nous assistons &#xE0; l&#x2019;&#xE9;mergence du refoul&#xE9; et au renouvellement de la vie gr&#xE2;ce &#xE0; un r&#xEA;ve-&#xE9;veill&#xE9; en s&#xE9;ance o&#xF9; l&#x2019;imaginaire &#xE9;rotique a jou&#xE9; un r&#xF4;le essentiel. Dans un deuxi&#xE8;me fragment nous verrons comment le jeu du transfert pris en charge par le r&#xEA;ve-&#xE9;veill&#xE9; sur un mode fortement &#xE9;rotis&#xE9; a restitu&#xE9; au patient sa capacit&#xE9; de d&#xE9;sir.</subfield>
  </datafield>
  <datafield tag="520" ind1=" " ind2=" ">
    <subfield code="a">First, we will define the imaginary in reference to Gaston Bachelard; and the erotic as something that aims at creating desire for the other and excitement within ourself, rather than trying to satiate our desire. Then we will address the erotic imaginary as developed through two different treatments. With the first, we witness the emergence of what was repressed and the renewing of life through sessions of r&#xEA;ve-&#xE9;veill&#xE9; in which the erotic imaginary played an essential part. With the second, we will see how the transfer game was supported by a strongly erotized r&#xEA;ve-&#xE9;veill&#xE9; and gave back to the patient his ability to desire.</subfield>
  </datafield>
  <datafield tag="520" ind1=" " ind2=" ">
    <subfield code="a">Prima, definiremo l&#x2019;immaginario, riferendoci a Gaston Bachelard, e l&#x2019;erotico come quello che mira a creare il desiderio dall&#x2019;altro e l&#x2019;eccitamento en se stessi piuttosto che a cercare di assopire il desiderio. Affronteremo poi l&#x2019;immaginario erotico come si &#xE8; sviluppato in due cure. In una prima parte assistiamo all&#x2019;emergere del remoto e al rinnovare della vita grazie a un r&#xEA;ve-&#xE9;veill&#xE9; in seduta in cui l&#x2019;immaginario erotico ha avuto un ruolo essenziale. In una seconda parte, vedremo come il gioco del transfert assunto dal r&#xEA;ve-&#xE9;veill&#xE9; in un modo molto erotizzato, ha restituito al paziente la sua capacit&#xE0; di desiderio.</subfield>
  </datafield>
  <datafield tag="690" ind1=" " ind2=" ">
    <subfield code="a">r&#xEA;ve-&#xE9;veill&#xE9;</subfield>
  </datafield>
  <datafield tag="690" ind1=" " ind2=" ">
    <subfield code="a">refoulement</subfield>
  </datafield>
  <datafield tag="690" ind1=" " ind2=" ">
    <subfield code="a">d&#xE9;sir</subfield>
  </datafield>
  <datafield tag="690" ind1=" " ind2=" ">
    <subfield code="a">transfert</subfield>
  </datafield>
  <datafield tag="690" ind1=" " ind2=" ">
    <subfield code="a">imaginaire &#xE9;rotique</subfield>
  </datafield>
  <datafield tag="690" ind1=" " ind2=" ">
    <subfield code="a">Erotic imaginary</subfield>
  </datafield>
  <datafield tag="690" ind1=" " ind2=" ">
    <subfield code="a">repression</subfield>
  </datafield>
  <datafield tag="690" ind1=" " ind2=" ">
    <subfield code="a">desire</subfield>
  </datafield>
  <datafield tag="690" ind1=" " ind2=" ">
    <subfield code="a">r&#xEA;ve-&#xE9;veill&#xE9;</subfield>
  </datafield>
  <datafield tag="690" ind1=" " ind2=" ">
    <subfield code="a">transfer</subfield>
  </datafield>
  <datafield tag="786" ind1="0" ind2=" ">
    <subfield code="n">Imaginaire &amp; Inconscient | 38 | 2 | 2017-02-15 | p. 29-37 | 1628-9676</subfield>
  </datafield>
  <datafield tag="856" ind1="4" ind2="1">
    <subfield code="u">https://shs.cairn.info/revue-imaginaire-et-inconscient-2016-2-page-29?lang=fr&amp;redirect-ssocas=7080</subfield>
  </datafield>
  <datafield tag="999" ind1=" " ind2=" ">
    <subfield code="c">672879</subfield>
    <subfield code="d">672879</subfield>
  </datafield>
</record>
